| 000 | 01035nam a22003135a 4500 | ||
|---|---|---|---|
| 001 | 014892148 | ||
| 003 | OSt | ||
| 005 | 20180207105337.0 | ||
| 008 | 090713s2009 njua frb 001 0 eng d | ||
| 015 |
_aGBB005649 _2bnb |
||
| 016 | 7 |
_a014892148 _2Uk |
|
| 020 | _a9780138148362 (pbk.) | ||
| 020 | _a0138148368 (pbk.) | ||
| 040 |
_aStDuBDS _beng _cStDuBDS _dUk _dEG-ScBUE |
||
| 082 | 0 | 4 |
_a658.5 _bHEI _222 |
| 100 | 1 |
_aHeizer, Jay. _94442 |
|
| 245 | 1 | 0 |
_aOperations management / _cJay Heizer, Barry Render. |
| 250 | _a9th ed., Flexible version, Pearson International ed. | ||
| 260 |
_aUpper Saddle River, N. J. : _bPearson / Prentice Hall, _cc.2009. |
||
| 300 |
_a1 v. (various pagings) : _bill. (chiefly col.) ; _c28 cm. |
||
| 504 | _aIncludes bibliographical references and index. | ||
| 650 | 7 |
_aProduction management. _2BUEsh |
|
| 650 | 7 |
_aManagement information systems. _2BUEsh |
|
| 650 | 7 |
_aBusiness logistics. _2BUEsh |
|
| 651 | _2BUEsh | ||
| 653 |
_bBUSADM _cFebruary2018 |
||
| 700 | 1 |
_aRender, Barry. _94444 |
|
| 942 | _2ddc | ||
| 999 |
_c26119 _d26091 |
||